Sacred 28 Quiz Stats

Quiz not verified by Sporcle

Challenge
Share
Tweet
Score 0/28 Timer 10:00
1 Play Today
% Correct
Flint
95.8%
Black
94.4%
Malfoy
88.7%
Lestrange
87.3%
Longbottom
87.3%
Shacklebolt
85.9%
Slughorn
85.9%
Parkinson
84.5%
Ollivander
83.1%
Crouch
81.7%
Weasley
81.7%
Abbot
80.3%
Carrow
77.5%
Yaxley
73.2%
% Correct
Prewett
70.4%
Greengrass
64.8%
Gaunt
64.8%
Bulstrode
63.4%
Rowle
49.3%
Macmillan
43.7%
Travers
42.3%
Avery
32.4%
Shafiq
29.6%
Burke
21.1%
Rosier
21.1%
Fawley
19.7%
Selwyn
18.3%
Nott
15.5%

You're not logged in!

Compare scores with friends on all Sporcle quizzes.
Join for Free
OR
Log In

You Might Also Like...

Show Comments

Extras

Created Sep 10, 2016ReportNominate
Tags:Harry Potter Quiz

Top Quizzes Today


Score Distribution

Your Account Isn't Verified!

In order to create a playlist on Sporcle, you need to verify the email address you used during registration. Go to your Sporcle Settings to finish the process.

Report this User

Report this user for behavior that violates our Community Guidelines.

Details: